[Event "Faxe EMT"]
[Site "Faxe"]
[Date "2012.05.09"]
[Round "6"]
[White "Andersen, Hans Poul"]
[Black "Joost, Kjeld"]
[Result "1-0"]
[WhiteElo "1202"]
[BlackElo "1254"]
[PlyCount "67"]
[EventDate "2012.03.28"]
[EventType "swiss"]
[EventRounds "7"]
[EventCountry "DEN"]
[SourceTitle "EXT 2023"]
[Source "ChessBase"]
[SourceDate "2022.10.05"]
[SourceVersion "1"]
[SourceVersionDate "2022.10.05"]
[SourceQuality "1"]

1. e4 e5 2. Bc4 Nc6 3. Nf3 Nf6 4. d3 Bc5 5. h3 a6 6. a3 b5 7. Ba2 h6 8. Bd2 Bb7 9. 0-0 Ne7 10. Nxe5 d5 11. Ng4 Qd6 12. e5 Qc6 13. exf6 gxf6 14. Qf3 f5 15. Ne5 Qf6 16. Re1 0-0-0 17. Bf4 Rhg8 18. Qh5 Qg7 19. g4 f6 20. Qf7 fxg4 21. Qe6+ Kb8 22. Nxg4 f5 23. Be5 Qg5 24. d4 fxg4 25. dxc5 gxh3+ 26. Bg3 Bc8 27. Qxe7 Qxg3+ 28. fxg3 Rxg3+ 29. Kf2 Rg2+ 30. Ke3 d4+ 31. Kf4 Rf2+ 32. Ke5 Rf5+ 33. Ke4 Rdf8 34. Kxd4 1-0

[Event "Faxe EMT"]
[Site "Faxe"]
[Date "2010.03.31"]
[Round "3"]
[White "Hansen, Arne Mandrup"]
[Black "Joost, Kjeld"]
[Result "1-0"]
[WhiteElo "1425"]
[BlackElo "1334"]
[PlyCount "89"]
[EventDate "2010.03.17"]
[EventType "swiss"]
[EventRounds "7"]
[EventCountry "DEN"]
[SourceTitle "EXT 2023"]
[Source "ChessBase"]
[SourceDate "2022.10.05"]
[SourceVersion "1"]
[SourceVersionDate "2022.10.05"]
[SourceQuality "1"]

1. d4 d5 2. Bf4 Nc6 3. c3 Nf6 4. e3 h6 5. Nd2 g5 6. Bg3 h5 7. h3 h4 8. Bh2 Bf5 9. Bb5 g4 10. hxg4 Nxg4 11. Bf4 f6 12. Be2 Nh6 13. Rxh4 e5 14. Bg3 Bg7 15. Bh5+ Ke7 16. Bf3 Bg6 17. Qb3 e4 18. Be2 Nf5 19. Rxh8 Qxh8 20. Nh3 Nxg3 21. fxg3 Rb8 22. Qxd5 Rd8 23. Qc5+ Kd7 24. 0-0-0 Bf8 25. Qb5 Kc8 26. Bg4+ Kb8 27. Nb3 a6 28. Qc4 Qg7 29. Nc5 Bf7 30. Be6 Na5 31. Qe2 Bxc5 32. Bxf7 Qxf7 33. dxc5 Rxd1+ 34. Kxd1 Qxa2 35. Qc2 Nc4 36. Ke2 Qxb2 37. Qxb2 Nxb2 38. Nf2 f5 39. g4 fxg4 40. Nxe4 a5 41. Nd2 a4 42. Nb1 Nc4 43. Kd3 a3 44. Nxa3 Nxa3 45. c4 1-0